01290 a2200241 4500003000500000005001700005010001600022020001500038040000900053082001400062100003200076245005700108260004800165300002900213505040800242650003800650650002500688856008900713856009000802942001200892999001900904952012500923Nust20230711083251.0 a 83019623 a0803921756 cNust00a519.5,CHA1 aDunteman, George H.911349910aIntroduction to linear models /cGeorge H. Dunteman. aBeverly Hills :bSage Publications,cc1984. a357 p. :bill. ;c24 cm. aIntroduction (Page-9), Basic Statistical Concepts (Page-11), Matrix Algebra (Page-77), Multiple Regression Analysis (Page-129), Linear Regression with one Categorical Independent (Page-191), Linear Regressions with two Categorical Independent Variables (Page-223), Regression Models with Interaction (Page-259), Analysis of Covariance (Page-303), Analysis Considerations and Model Extension (Page-327). 0aLinear models (Statistics)911036 0aRegression analysis.423Publisher descriptionuhttp://www.loc.gov/catdir/enhancements/fy0654/83019623-d.html423Table of contents onlyuhttp://www.loc.gov/catdir/enhancements/fy0654/83019623-t.html 2ddccBK c181391d181391 00102ddc4070aMCSbMCScGENd2016-12-12o519.5,DUNpMCS7158r2016-12-08w2016-12-12yBKB zAlmirah No.112, Shelf No.1